Statistics for Japanese Prefecture by Picture

Click here to take the quiz!

General Stats

  • This quiz has been taken 31 times
  • The average score is 19 of 47

Answer Stats

Answer% Correct
Kyoto
89%
Hiroshima
86%
Tokyo
86%
Chiba
71%
Kanagawa
68%
Nara
68%
Kagoshima
64%
Okinawa
64%
Osaka
64%
Tottori
64%
Hyogo
61%
Shizuoka
61%
Yamanashi
61%
Gifu
54%
Aichi
50%
Hokkaido
50%
Nagasaki
50%
Niigata
50%
Oita
50%
Fukuoka
46%
Tochigi
43%
Tokushima
39%
Shimane
36%
Aomori
29%
Ehime
29%
Ibaraki
29%
Mie
29%
Miyazaki
29%
Saga
29%
Saitama
29%
Yamaguchi
29%
Akita
25%
Fukui
25%
Kagawa
25%
Toyama
25%
Yamagata
25%
Gunma
21%
Ishikawa
21%
Kumamoto
21%
Nagano
21%
Shiga
21%
Iwate
18%
Kochi
18%
Miyagi
18%
Okayama
18%
Wakayama
18%
Fukushima
14%

Score Distribution

Percentile by Number Answered

Percent of People with Each Score

Your Score History

You have not taken this quiz